Football : effectif Arsenal 2026 Premier League - Statistiques

Statistiques générales
  • Ce quiz a été pris 55 fois
    54 depuis la dernière actualisation
  • Le résultat moyen est 20 sur 25
Statistiques - réponses
Pays Poste Joueur % Correct
Espagne Gardien David Raya
98%
Angleterre Ailier Bukayo Saka
95%
Angleterre Milieu Declan Rice
95%
Brésil Défenseur central Gabriel
95%
Brésil Ailier Gabriel Martinelli
95%
Italie Latéral gauche Riccardo Calafiori
95%
Suède Buteur Viktor Gyokeres
95%
France Défenseur central William Saliba
95%
Norvège Milieu offensif Martin Odegaard
93%
Espagne Entraîneur Mikel Arteta
93%
Belgique Ailier Leandro Trossard
91%
Brésil Buteur Gabriel Jesus
89%
Équateur Défenseur central Piero Hincapie
86%
Espagne Milieu défensif Martin Zubimendi
84%
Pays-Bas Latéral droit Jurrien Timber
82%
Allemagne Buteur Kai Havertz
80%
Angleterre Milieu offensif Eberechi Eze
77%
Angleterre Latéral droit Ben White
70%
Angleterre Latéral gauche Myles Lewis-Skelly
70%
Espagne Milieu Mikel Merino
64%
Espagne Défenseur central Christian Mosquera
61%
Angleterre Ailier Noni Madueke
61%
Angleterre Ailier Max Dowman
48%
Danemark Milieu défensif Christian Norgaard
45%
Angleterre Milieu offensif Ethan Nwaneri
2%
Aucun quiz correspondant
Distribution des résultats
% des personnes avec chaque résultat
Percentile par nombre de réponses
Votre historique - résultats
Vous n’avez pas pris ce quiz depuis la dernière actualisation